| 000 | 01534cam a22004097a 4500 | ||
|---|---|---|---|
| 001 | 14693019 | ||
| 003 | JO-AjAnu | ||
| 005 | 20240610101135.0 | ||
| 008 | 070110s2008 caua b 001 0 eng d | ||
| 010 | _a 2007920597 | ||
| 020 | _a9780495116691 | ||
| 020 | _a0495116696 | ||
| 020 | _a9780495116769 (access code card) | ||
| 020 | _a0495116769 (access code card) | ||
| 035 | _a(OCoLC)ocn144222407 | ||
| 040 |
_aBTCTA _cBTCTA _dBAKER _dYDXCP _dCUX _dDLC _dJO-AjAnu _beng |
||
| 041 |
_aeng _heng |
||
| 042 | _alccopycat | ||
| 050 | 0 | 0 |
_aQP141 _b.W46 2021 |
| 100 | 1 | _aWhitney, Eleanor Noss. | |
| 245 | 1 | 0 |
_aUnderstanding nutrition / _cEllie Whitney, Sharon Rady Rolfes. |
| 250 | _a11th ed. | ||
| 260 |
_aBelmont, CA : _bThomson Higher Education, _c2021. |
||
| 300 |
_a1 v. (various pagings) : _bcol. ill. ; _c28 cm. + _e1 access code card. |
||
| 504 | _aIncludes bibliographical references and index. | ||
| 650 | 0 | _aNutrition. | |
| 650 | 1 | 2 | _aDiet. |
| 650 | 2 | 2 | _aDiet Therapy. |
| 650 | 2 | 2 | _aMetabolism. |
| 700 | 1 | _aRolfes, Sharon Rady. | |
| 856 | 4 | 2 |
_3Publisher description _uhttp://www.loc.gov/catdir/enhancements/fy1212/2007920597-d.html |
| 856 | 4 | 1 |
_3Table of contents only _uhttp://www.loc.gov/catdir/enhancements/fy1212/2007920597-t.html |
| 856 | 4 | 2 |
_3Contributor biographical information _uhttp://www.loc.gov/catdir/enhancements/fy1302/2007920597-b.html |
| 906 |
_a7 _bcbc _ccopycat _d3 _encip _f20 _gy-gencatlg |
||
| 942 |
_2lcc _cBK _n0 |
||
| 999 |
_c33506 _d33506 |
||